| 000 | 00626nam a2200217 i 4500 | ||
|---|---|---|---|
| 001 | bg | ||
| 100 | 1 | _aZUBEK, Mariusz | |
| 245 | 1 | 0 |
_aExperiments in physics : _bfirst laboratory for students / _cMariusz Zubek ; Politechnika Gdańska. |
| 260 |
_aGdańsk : _bWydaw. PG, _c1996. |
||
| 300 |
_a116 s. : _b2 fot., rys., wykr. ; _c24 cm. |
||
| 504 | _aBibliogr. s. 115. | ||
| 650 | 9 | _aFizyka doświadczalna | |
| 655 | _aPodręczniki akademickie | ||
| 020 | _a8386537418 | ||
| 040 | _cBPK | ||
| 041 | 0 | _aen | |
| 080 | _a53.08(075.8) | ||
| 920 | _a83-86537-41-8 | ||
| 942 | _cKS | ||
| 008 | s pl f |000 0 pol | ||
| 999 |
_c24982 _d24982 |
||
| 856 |
_uhttp://koha.tu.koszalin.pl/cgi-bin/koha/opac-detail.pl?biblionumber=24982 _yKatalog online BPK |
||